Państwa z największą liczbą osób mówiących po holendersku - Statystyki

Ogólne statystyki
  • Ten quiz został rozwiązany 19 299 razy
  • Średni wynik to 7 z 10
Statystyki odpowiedzi
# Użytkownicy % Państwo % Poprawnych
15 766 000 94.2 Holandia
99%
6 064 000 54.8 Belgia
96%
93,000 0.1 Niemcy
94%
96,000 0.2 Francja
88%
30,000 0,05 Wielka Brytania
75%
183,000 0.1 Stany Zjednoczone
68%
99,000 0.3 Kanada
56%
22,000 0.3 Szwajcaria
51%
229,000 46.6 Surinam
34%
23,000 0.5 Nowa Zelandia
13%
Nie znaleziono quizów pasujących do podanych kryteriów
Rozkład punktacji
Procent ludzi z każdym wynikiem
Percentyl według liczby udzielonych odpowiedzi
Twoja historia wyników
Nie rozwiązałeś tego quizu